| 000 | 00412cam a2200169ua 4500 | ||
|---|---|---|---|
| 020 | _cRs.10.50 | ||
| 041 |
_aeng _h |
||
| 082 |
_a330.954 _bBHA/TH |
||
| 100 | _aR.N. Bhargava, Bhargava . | ||
| 245 | _aTheory and working of union finance in India | ||
| 260 |
_a : _bChaitanya pub house , _c1965. |
||
| 300 | _a311 ; . | ||
| 365 | _aRs.10.50 | ||
| 504 | _a | ||
| 942 | _cBK | ||
| 999 |
_c11214 _d11214 |
||